Metody stanovení cizorodých látek v potravinách : laboratorní příručka. Díl III /

Main Author: Kocourek, Vladimír, 1952-
Language: Czech
Published: Praha : Středisko potravinářských informací, 1992
Edition: 2. dotisk
Physical Description: 119 s.
Book
Saved in:
LEADER 00801nam a22002412a 4500
001 000175338
003 CZ BrMZK
005 20120717150512.0
007 ta
008 010907s1992 xr f cze d
015 |z cnb000070161 
020 |a 80-85120-35-6 
035 |a (OCoLC)85684541 
040 |a BOA001  |b cze 
080 |a 664.001.4  |2 MRF 
100 1 |a Kocourek, Vladimír,  |d 1952-  |7 xx0139826  |4 aut 
245 1 0 |a Metody stanovení cizorodých látek v potravinách :  |b laboratorní příručka.  |n Díl III /  |c Vladimír Kocourek a kol 
250 |a 2. dotisk 
260 |a Praha :  |b Středisko potravinářských informací,  |c 1992 
300 |a 119 s. 
910 |a BOA001  |b TK-0250.039,3 
990 |a BK 
996 7 |b 2629988789  |c TK-0250.039,3  |l MZK  |r Sklad / do 24 hodin  |n 5  |w 000175338  |u 000010  |a 1  |e BOA001  |j MZK50  |s A